|
|
|
|
| LEADER |
00632nab a2200181 i 4500 |
| 001 |
acta17780 |
| 005 |
20210615085250.0 |
| 008 |
161015s1971 hu o 0|| hun d |
| 022 |
|
|
|a 0371-3458
|
| 040 |
|
|
|a SZTE Egyetemi Kiadványok Repozitórium
|b hun
|
| 041 |
|
|
|a hun
|
| 100 |
1 |
|
|a Kallós Gábor
|
| 245 |
1 |
0 |
|a Szabadidő vizsgálata tanárjelöltek körében
|h [elektronikus dokumentum] /
|c Kallós Gábor
|
| 260 |
|
|
|c 1971
|
| 300 |
|
|
|a 23-34
|
| 490 |
0 |
|
|a A Szegedi Tanárképző Főiskola tudományos közleményei
|
| 695 |
|
|
|a Szociológia
|
| 856 |
4 |
0 |
|u http://acta.bibl.u-szeged.hu/17780/1/tanarkepzo_1971_1_023-034.pdf
|z Dokumentum-elérés
|